Informe sobre el archivo histórico diocesano de León Nicaragua.
Guardado en:
| Formato: | Desconocido |
|---|---|
| Lenguaje: | Spanish |
| Publicado: |
[Lugar de publicación no identificado :
editor no identificado,
fecha de publicación no identificada].
|
| Materias: | |
| Etiquetas: |
Agregar Etiqueta
Sin Etiquetas, Sea el primero en etiquetar este registro!
|
MARC
| LEADER | 000000000a22000000004500 | ||
|---|---|---|---|
| 001 | 002666 | ||
| 041 | 0 | |a spa | |
| 082 | 0 | 4 | |a 262.3 |b I43i |
| 245 | 0 | 0 | |a Informe sobre el archivo histórico diocesano de León Nicaragua. |
| 260 | |a [Lugar de publicación no identificado : |b editor no identificado, |c fecha de publicación no identificada]. | ||
| 300 | |a 16 páginas | ||
| 650 | 4 | |a ARCHIVO HISTORICO DIOCESANO DE LEON, NICARAGUA | |
| 650 | 4 | |a DIOCESIS | |
| 650 | 4 | |a NICARAGUA | |
| 650 | 4 | |a IGLESIA CATOLICA EN NICARAGUA | |
| 999 | |c 9039 |d 9039 | ||
| 942 | |c BK |h 262.3 I43i |2 z | ||
